The regional diversification of Latin 200 BC-AD 600 /
| Main Author: | |
|---|---|
| Format: | Book |
| Language: | English |
| Published: |
Cambridge ; New York :
Cambridge University Press,
2007.
|
| Subjects: | |
| Online Access: | Βιογραφικές πληροφορίες συγγραφέα Περιγραφή εκδότη Πίνακας περιεχομένων |
| LEADER | 01501cam a2200277 i 4500 | ||
|---|---|---|---|
| 001 | 15198393 | ||
| 003 | GR-PaULI | ||
| 005 | 20210117210558.0 | ||
| 008 | 080228s2014 enkb 001 0 eng | ||
| 020 | |a 9780521881494 | ||
| 040 | |a UKM |c UKM |d BTCTA |d BAKER |d YDXCP |d BWK |d TXA |d DLC |d GR-PaULI |b gre |e AACR2 | ||
| 082 | 4 | |2 23 |a 477 | |
| 100 | 1 | |a Adams, J. N. |q (James Noel) |e συγγραφέας | |
| 245 | 1 | 4 | |a The regional diversification of Latin 200 BC-AD 600 / |c J. N. Adams. |
| 260 | |a Cambridge ; |a New York : |b Cambridge University Press, |c 2007. | ||
| 300 | |a xix, 828 σ. : |b χάρτες ; |c 24 εκ. | ||
| 504 | |a Περιλαμβάνει βιβλιογραφικές παραπομπές (σ. 747-785) και ευρετήρια. | ||
| 650 | 4 | |a Λατινική γλώσσα |x Διάλεκτοι |9 167556 | |
| 650 | 4 | |a Λατινική γλώσσα |x Ιστορία |9 149442 | |
| 856 | 4 | 2 | |3 Βιογραφικές πληροφορίες συγγραφέα |u http://www.loc.gov/catdir/enhancements/fy0810/2008297279-b.html |
| 856 | 4 | 2 | |3 Περιγραφή εκδότη |u http://www.loc.gov/catdir/enhancements/fy0810/2008297279-d.html |
| 856 | 4 | 1 | |3 Πίνακας περιεχομένων |u http://www.loc.gov/catdir/enhancements/fy0810/2008297279-t.html |
| 942 | |2 ddc |c BK15 | ||
| 952 | |0 0 |1 0 |2 ddc |4 0 |6 477_000000000000000_ADA |7 0 |9 220404 |a LISP |b LISP |c BSC |d 2018-03-05 |i 136524 |l 0 |o 477 ADA |p 025000254814 |r 2018-03-05 00:00:00 |t 1 |v 2018.00 |w 2018-03-05 |y BK15 | ||
| 998 | |c ΓΚΟΓΚΟΥ |d 2018-03 | ||
| 999 | |c 133226 |d 133226 | ||